Tuyển tập truyện ngắn thế giới chọn lọc
Đã lưu trong:
| Format: | Bog |
|---|---|
| Sprog: | Undetermined |
| Udgivet: |
Hà Nội
Hội nhà văn
2002
|
| Fag: | |
| Tags: |
Tilføj Tag
Ingen Tags, Vær først til at tagge denne postø!
|
| Thư viện lưu trữ: | Trung tâm Học liệu Trường Đại học Cần Thơ |
|---|
| LEADER | 00431nam a2200145Ia 4500 | ||
|---|---|---|---|
| 001 | CTU_49829 | ||
| 008 | 210402s9999 xx 000 0 und d | ||
| 082 | |a 808.83 | ||
| 082 | |b T527/T3 | ||
| 245 | 0 | |a Tuyển tập truyện ngắn thế giới chọn lọc | |
| 260 | |a Hà Nội | ||
| 260 | |b Hội nhà văn | ||
| 260 | |c 2002 | ||
| 650 | |a short stories | ||
| 980 | |a Trung tâm Học liệu Trường Đại học Cần Thơ | ||